[Event "Regionalliga Nord-West 1819"]
[Site "Bayern"]
[Date "2019.01.20"]
[Round "5.8"]
[White "Wagner, Patrick"]
[Black "Bauer, Ottmar"]
[Result "1/2-1/2"]
[WhiteElo "1839"]
[BlackElo "1751"]
[PlyCount "83"]
[EventDate "2018.10.21"]
[EventType "team-tourn"]
[EventRounds "9"]
[EventCountry "GER"]
[SourceTitle "EXT 2022"]
[Source "ChessBase"]
[SourceDate "2021.10.06"]
[SourceVersion "1"]
[SourceVersionDate "2021.10.06"]
[SourceQuality "1"]
[WhiteTeam "Bamberg SC II"]
[BlackTeam "Rottendorf"]
[WhiteTeamCountry "GER"]
[BlackTeamCountry "GER"]

1. e4 c6 2. d4 d5 3. Nc3 dxe4 4. Nxe4 Nf6 5. Ng3 e5 6. Nf3 exd4 7. Qxd4 Qxd4 8. Nxd4 g6 9. Be2 Bg7 10. 0-0 0-0 11. Nb3 a5 12. a4 Nd5 13. c3 Re8 14. Bf3 Nd7 15. Bxd5 cxd5 16. Be3 h5 17. Rfe1 Ne5 18. Bd4 Bd7 19. Bxe5 Bxe5 20. Ne2 b6 21. Nbd4 Bxd4 22. cxd4 Rac8 23. Nc3 Rxe1+ 24. Rxe1 Be6 25. f3 Rc4 26. Rd1 Kf8 27. Kf2 Ke7 28. Ke3 Kd7 29. Rc1 Rb4 30. Rc2 Rb3 31. h4 f6 32. Kf4 Rb4 33. Rd2 Ke7 34. g4 Kf7 35. gxh5 gxh5 36. Ke3 Kg6 37. Ke2 Kf5 38. Ke3 Bf7 39. Re2 Rb3 40. Rd2 Be8 41. Kf2 Bc6 42. Kg3 1/2-1/2

[Event "Regionalliga Nord-West 1718"]
[Site "Bayern"]
[Date "2017.11.26"]
[Round "3.8"]
[White "Bauer, Ottmar"]
[Black "Faeth, Christian"]
[Result "1-0"]
[WhiteElo "1776"]
[BlackElo "1693"]
[PlyCount "127"]
[EventDate "2017.10.22"]
[EventType "team-tourn"]
[EventRounds "9"]
[EventCountry "GER"]
[SourceTitle "EXT 2022"]
[Source "ChessBase"]
[SourceDate "2021.10.06"]
[SourceVersion "1"]
[SourceVersionDate "2021.10.06"]
[SourceQuality "1"]
[WhiteTeam "Rottendorf"]
[BlackTeam "Sailauf"]
[WhiteTeamCountry "GER"]
[BlackTeamCountry "GER"]

1. e4 c5 2. Nf3 Nc6 3. d4 cxd4 4. Nxd4 a6 5. c4 e5 6. Nb3 d6 7. Nc3 Be7 8. Bd3 Nf6 9. 0-0 0-0 10. h3 Ne8 11. Be3 Bg5 12. Re1 f5 13. exf5 Bxf5 14. Ne4 Bh4 15. Nbd2 Nf6 16. Qe2 Nb4 17. Nxf6+ Qxf6 18. Bxf5 Qxf5 19. Nf3 Be7 20. Rec1 Rac8 21. a3 Nd3 22. Rc3 e4 23. Nd4 Qg6 24. Qg4 Qxg4 25. hxg4 Nxb2 26. Rb1 Na4 27. Rcb3 b6 28. Nf5 Rfe8 29. Bxb6 g6 30. Nxe7+ Rxe7 31. Be3 Rxc4 32. Rb8+ Kf7 33. Bh6 d5 34. Rf8+ Ke6 35. Bg5 Rd7 36. Rbb8 d4 37. Rfe8+ Kd5 38. Bf4 d3 39. Re5+ Kd4 40. Rbe8 Nc5 41. Be3+ Kc3 42. Rxc5 Rxc5 43. Bxc5 a5 44. Be3 Kb3 45. Bd2 a4 46. Rxe4 Kxa3 47. Rb4 Rd6 48. Rb7 Ka2 49. Kf1 a3 50. Ke1 Rd4 51. f3 Rd5 52. Bc3 h5 53. gxh5 Rxh5 54. Kd2 Rd5 55. g4 Rd6 56. f4 g5 57. f5 Rd4 58. Rb4 Rd7 59. Rd4 Rb7 60. Kxd3 Kb1 61. Rb4+ Ka2 62. Kc2 Rc7 63. Rd4 Rd7 64. Rd1 1-0

[Event "Regionalliga NW 1314"]
[Site "Bayern"]
[Date "2014.03.16"]
[Round "8.7"]
[White "Bizzell, Brandon"]
[Black "Bauer, Ottmar"]
[Result "1-0"]
[WhiteElo "1966"]
[BlackElo "1735"]
[PlyCount "81"]
[EventDate "2013.10.13"]
[EventType "team-tourn"]
[EventRounds "9"]
[EventCountry "GER"]
[SourceTitle "EXT 2015"]
[Source "ChessBase"]
[SourceDate "2014.11.20"]
[SourceVersion "1"]
[SourceVersionDate "2014.11.20"]
[SourceQuality "1"]
[WhiteTeam "Bamberg"]
[BlackTeam "Rottendorf"]
[WhiteTeamCountry "GER"]
[BlackTeamCountry "GER"]

1. e4 c6 2. Nc3 d5 3. Nf3 dxe4 4. Ng5 Nf6 5. Bc4 e6 6. Ngxe4 Nbd7 7. d4 Be7 8. Bf4 Nb6 9. Bb3 Nbd5 10. Be5 0-0 11. Qd3 Nxc3 12. Nxc3 b6 13. 0-0-0 a5 14. a4 Bd7 15. h4 b5 16. axb5 a4 17. Bxa4 Rxa4 18. Nxa4 Nd5 19. bxc6 Bxc6 20. Qc4 Qa8 21. Nc5 Rc8 22. Kb1 Bb7 23. Rh3 f6 24. Ra3 Qxa3 25. bxa3 fxe5 26. Qb3 Bc6 27. c4 Nf4 28. Qe3 Rb8+ 29. Ka2 Bf6 30. dxe5 Nxg2 31. Qg3 Be7 32. Nxe6 Bf8 33. h5 Ra8 34. Rd3 Be4 35. Rc3 Rb8 36. f3 Bb1+ 37. Ka1 Bf5 38. Nxf8 Rb1+ 39. Ka2 Kxf8 40. Qxg2 Re1 41. Qg3 1-0

[Event "Regionalliga NW 1314"]
[Site "Bayern"]
[Date "2014.02.23"]
[Round "7.7"]
[White "Hilgert, Richard"]
[Black "Bauer, Ottmar"]
[Result "1/2-1/2"]
[WhiteElo "1737"]
[BlackElo "1735"]
[PlyCount "190"]
[EventDate "2013.10.13"]
[EventType "team-tourn"]
[EventRounds "9"]
[EventCountry "GER"]
[SourceTitle "EXT 2015"]
[Source "ChessBase"]
[SourceDate "2014.11.20"]
[SourceVersion "1"]
[SourceVersionDate "2014.11.20"]
[SourceQuality "1"]
[WhiteTeam "Prichsenstadt"]
[BlackTeam "Rottendorf"]
[WhiteTeamCountry "GER"]
[BlackTeamCountry "GER"]

1. d4 d5 2. Bf4 Nf6 3. e3 c6 4. h3 Bf5 5. Bd3 Bg6 6. Nf3 Nbd7 7. Ne5 Qa5+ 8. c3 Bxd3 9. Nxd3 e6 10. 0-0 Be7 11. Nd2 0-0 12. Ne5 c5 13. Ndf3 cxd4 14. exd4 Qd8 15. Qd3 Nxe5 16. Nxe5 a6 17. Qc2 Rc8 18. Bg5 Ne4 19. Bxe7 Qxe7 20. Rfe1 Rc7 21. f3 Nd6 22. Qe2 Qh4 23. Qf2 Qxf2+ 24. Kxf2 Rfc8 25. g4 b6 26. Re2 Nc4 27. Nd3 Nd6 28. Nb4 a5 29. Nd3 Nc4 30. Rae1 Nd6 31. Kg3 g6 32. Kf4 Kg7 33. Ne5 Nc4 34. Nd3 Nd6 35. Kg3 Kg8 36. h4 Kg7 37. Kf4 Nc4 38. Kg3 Nd6 39. Nf4 Nc4 40. Nd3 Nd6 41. Kf4 h6 42. Rg1 Nc4 43. Kg3 Nd6 44. Rh1 Rc4 45. Reh2 R4c7 46. Re2 Rc4 47. Nf2 R4c6 48. Rhe1 R6c7 49. Kf4 Nc4 50. Nh3 Nd6 51. Kg3 Rc6 52. Nf4 Nc4 53. Nd3 R6c7 54. Kg2 Nd6 55. Ne5 Nc4 56. Nd3 Nd6 57. Nf2 Rh8 58. Nh3 Rhc8 59. Kg3 Rc4 60. Nf4 R4c7 61. Nd3 Nc4 62. Rh1 Nd6 63. Nf2 Rh8 64. Re5 Nc4 65. Re2 Nd6 66. Rhe1 Rhc8 67. Nd3 Nc4 68. Kh3 Rc6 69. Kg2 R6c7 70. Kg3 Rc6 71. Nf2 Nd6 72. Kg2 Rh8 73. Nd3 Rhc8 74. Nf2 Rh8 75. Nd3 Rhc8 76. Ne5 R6c7 77. Kg3 Nc4 78. Nxc4 Rxc4 79. f4 b5 80. Re3 b4 81. Rc1 bxc3 82. Rexc3 Rxc3+ 83. Rxc3 Rxc3+ 84. bxc3 Kf6 85. Kf2 h5 86. g5+ Kf5 87. Kf3 f6 88. a4 fxg5 89. fxg5 e5 90. dxe5 Kxe5 91. Ke3 Ke6 92. Kd4 Kd6 93. c4 dxc4 94. Kxc4 Kc6 95. Kd4 Kd6 1/2-1/2

[Event "Regionalliga NW 1213"]
[Site "Bayern"]
[Date "2013.04.14"]
[Round "9.7"]
[White "Lederer, Gerd"]
[Black "Bauer, Ottmar"]
[Result "1/2-1/2"]
[WhiteElo "1835"]
[BlackElo "1746"]
[PlyCount "118"]
[EventDate "2012.10.14"]
[EventType "team-tourn"]
[EventRounds "9"]
[EventCountry "GER"]
[SourceTitle "EXT 2015"]
[Source "ChessBase"]
[SourceDate "2014.11.20"]
[SourceVersion "1"]
[SourceVersionDate "2014.11.20"]
[SourceQuality "1"]
[WhiteTeam "Kirchenlaibach"]
[BlackTeam "Rottendorf"]
[WhiteTeamCountry "GER"]
[BlackTeamCountry "GER"]

1. c4 e6 2. Nc3 d5 3. d4 Nf6 4. cxd5 exd5 5. g3 c6 6. Bg2 Bf5 7. e3 Bd6 8. Nge2 Na6 9. a3 Qd7 10. 0-0 0-0 11. b4 Rfe8 12. b5 Nc7 13. a4 Ne6 14. Ba3 Bc7 15. f4 Ba5 16. Bc1 Nc7 17. Bd2 cxb5 18. axb5 Bxc3 19. Nxc3 Nxb5 20. Nxb5 Qxb5 21. Ra5 Qd7 22. Qb3 Red8 23. Rfa1 a6 24. Rc1 Rac8 25. Rxc8 Rxc8 26. Bxd5 Nxd5 27. Qxd5 Qxd5 28. Rxd5 Be4 29. Re5 f5 30. g4 g6 31. h4 Kf7 32. h5 Rc2 33. hxg6+ hxg6 34. gxf5 gxf5 35. Bb4 Rc7 36. d5 Rd7 37. d6 b6 38. Kf2 Kg6 39. Ke2 Kf7 40. Kd2 Rb7 41. Kc3 a5 42. Ba3 b5 43. Bc5 Kf6 44. Bd4 Kf7 45. Bc5 Kf6 46. Re8 Bc6 47. Ra8 b4+ 48. Kc4 b3 49. Bd4+ Ke6 50. Kc5 Bd7 51. Bb2 Rb5+ 52. Kc4 Kxd6 53. Ra6+ Ke7 54. Ra7 Rb4+ 55. Kc3 Rb5 56. Ba3+ Kd8 57. Kb2 Rd5 58. Kxb3 Rd3+ 59. Kb2 Rxe3 1/2-1/2

[Event "Regionalliga NW 1213"]
[Site "Bayern"]
[Date "2013.02.03"]
[Round "6.8"]
[White "Bauer, Ottmar"]
[Black "Wuest, Carolin"]
[Result "1/2-1/2"]
[WhiteElo "1746"]
[BlackElo "1390"]
[PlyCount "23"]
[EventDate "2012.10.14"]
[EventType "team-tourn"]
[EventRounds "9"]
[EventCountry "GER"]
[SourceTitle "EXT 2015"]
[Source "ChessBase"]
[SourceDate "2014.11.20"]
[SourceVersion "1"]
[SourceVersionDate "2014.11.20"]
[SourceQuality "1"]
[WhiteTeam "Rottendorf"]
[BlackTeam "Hof"]
[WhiteTeamCountry "GER"]
[BlackTeamCountry "GER"]

1. e4 d5 2. exd5 Qxd5 3. Nc3 Qa5 4. d4 Nf6 5. Nf3 Bf5 6. Bc4 c6 7. Bd2 e6 8. 0-0 Qc7 9. Re1 Bd6 10. Bb3 0-0 11. h3 Nbd7 12. a3 1/2-1/2

[Event "Unterfranken-ch M2 63th"]
[Site "Schweinfurt"]
[Date "2012.04.13"]
[Round "7"]
[White "Drescher, Frank"]
[Black "Bauer, Ottmar"]
[Result "1-0"]
[WhiteElo "1854"]
[BlackElo "1789"]
[PlyCount "93"]
[EventDate "2012.04.09"]
[EventType "swiss"]
[EventRounds "9"]
[EventCountry "GER"]
[SourceTitle "EXT 2015"]
[Source "ChessBase"]
[SourceDate "2014.11.20"]
[SourceVersion "1"]
[SourceVersionDate "2014.11.20"]
[SourceQuality "1"]

1. d4 d5 2. c4 e6 3. g3 Nf6 4. Bg2 Be7 5. Nf3 0-0 6. 0-0 dxc4 7. Ne5 Nbd7 8. Nxc4 c5 9. Bf4 cxd4 10. Qxd4 Bc5 11. Qd2 Qe7 12. Nc3 e5 13. Bg5 Qe6 14. Ne3 h6 15. Bxf6 Bxe3 16. Qxe3 Nxf6 17. Nb5 Ng4 18. Qc5 Qb6 19. Qxb6 axb6 20. Rfd1 Be6 21. b3 Rfd8 22. Rxd8+ Rxd8 23. Bxb7 Rd2 24. Bf3 Nf6 25. Kf1 Bd7 26. Ke1 Rb2 27. Nc3 Rc2 28. Nd5 Nxd5 29. Bxd5 Bb5 30. Bf3 e4 31. Kd1 Bd3 32. exd3 Rxf2 33. Be2 Rxh2 34. Kd2 exd3 35. Kxd3 Rg2 36. g4 Rg3+ 37. Ke4 Rc3 38. Bc4 Kf8 39. Rf1 f6 40. Re1 g6 41. Kf4 g5+ 42. Kf5 b5 43. Be6 Kg7 44. Bd5 Rc2 45. Re7+ Kf8 46. Rf7+ Ke8 47. Rxf6 1-0

[Event "Unterfranken-ch M2 63th"]
[Site "Schweinfurt"]
[Date "2012.04.12"]
[Round "6"]
[White "Feichtner, Thorsten"]
[Black "Bauer, Ottmar"]
[Result "1/2-1/2"]
[WhiteElo "1793"]
[BlackElo "1789"]
[PlyCount "47"]
[EventDate "2012.04.09"]
[EventType "swiss"]
[EventRounds "9"]
[EventCountry "GER"]
[SourceTitle "EXT 2015"]
[Source "ChessBase"]
[SourceDate "2014.11.20"]
[SourceVersion "1"]
[SourceVersionDate "2014.11.20"]
[SourceQuality "1"]

1. e4 c6 2. d4 d5 3. f3 Qc7 4. Nc3 Nf6 5. e5 Ng8 6. Bd3 e6 7. Be3 a6 8. f4 Ne7 9. g4 Nd7 10. Nf3 c5 11. f5 cxd4 12. fxe6 fxe6 13. Bxd4 Nc6 14. Bxh7 Ndxe5 15. Nxe5 Nxe5 16. Qe2 Bd6 17. Bxe5 Bxe5 18. Bg6+ Ke7 19. Nxd5+ exd5 20. 0-0-0 Be6 21. Rhe1 Rxh2 22. Qxe5 Qxe5 23. Rxe5 Kd6 24. Rh5 1/2-1/2

[Event "Unterfranken-ch M1 62th"]
[Site "Gerolzhofen"]
[Date "2011.04.28"]
[Round "6"]
[White "Seifert, Armin"]
[Black "Bauer, Ottmar"]
[Result "1/2-1/2"]
[WhiteElo "1829"]
[BlackElo "1810"]
[PlyCount "93"]
[EventDate "2011.04.25"]
[EventType "swiss"]
[EventRounds "9"]
[EventCountry "GER"]
[SourceTitle "EXT 2015"]
[Source "ChessBase"]
[SourceDate "2014.11.20"]
[SourceVersion "1"]
[SourceVersionDate "2014.11.20"]
[SourceQuality "1"]

1. e4 c6 2. d4 d5 3. exd5 cxd5 4. Bd3 Nc6 5. c3 Nf6 6. Bf4 Bg4 7. Qb3 Qc8 8. Nd2 e6 9. Ngf3 Be7 10. 0-0 0-0 11. Rae1 Re8 12. Ne5 Bf5 13. Bxf5 exf5 14. Re2 Nh5 15. Bg3 f4 16. Qxd5 Nxe5 17. Qxe5 g5 18. Bh4 Bf6 19. Qb5 Rxe2 20. Qxe2 Ng7 21. Ne4 Qf5 22. g4 Qg6 23. Nxf6+ Qxf6 24. Qb5 gxh4 25. Qxb7 Re8 26. Qf3 Ne6 27. Qc6 Qd8 28. Re1 Ng7 29. Rxe8+ Nxe8 30. Qe4 Qb8 31. Qe7 h3 32. d5 Qxb2 33. Qxe8+ Kg7 34. Qe5+ Kf8 35. Qe1 Qxa2 36. d6 Qd5 37. Kf1 Qxd6 38. Qc1 Qd5 39. Qa3+ Kg7 40. Ke1 Qe4+ 41. Kd2 Qd5+ 42. Kc2 a5 43. Qa4 Qc5 44. Qxf4 a4 45. g5 Qb5 46. Qf6+ Kf8 47. Qd8+ 1/2-1/2

[Event "Unterfranken-ch M1 62th"]
[Site "Gerolzhofen"]
[Date "2011.04.26"]
[Round "2"]
[White "Bauer, Ottmar"]
[Black "Lang, Stefan1111"]
[Result "1/2-1/2"]
[WhiteElo "1810"]
[BlackElo "2035"]
[PlyCount "55"]
[EventDate "2011.04.25"]
[EventType "swiss"]
[EventRounds "9"]
[EventCountry "GER"]
[SourceTitle "EXT 2015"]
[Source "ChessBase"]
[SourceDate "2014.11.20"]
[SourceVersion "1"]
[SourceVersionDate "2014.11.20"]
[SourceQuality "1"]

1. e4 c5 2. Nf3 Nc6 3. d4 cxd4 4. Nxd4 Nf6 5. Nc3 e5 6. Ndb5 d6 7. Bg5 a6 8. Na3 b5 9. Bxf6 gxf6 10. Nd5 f5 11. exf5 Bxf5 12. c3 Bg7 13. Nc2 0-0 14. Nce3 Be6 15. g3 f5 16. f4 Kh8 17. Bg2 Rb8 18. 0-0 e4 19. a3 Qd7 20. g4 Na5 21. gxf5 Bxf5 22. Kh1 Nc4 23. Qe2 Nxe3 24. Qxe3 Rbe8 25. Rae1 Qf7 26. Qd2 Re6 27. Ne3 Rfe8 28. Nxf5 1/2-1/2

[Event "Unterfranken-ch M1 44th"]
[Site "Rieneck"]
[Date "1993.??.??"]
[Round "1"]
[White "Bauer, Ottmar"]
[Black "Kuhn, Norbert"]
[Result "0-1"]
[WhiteElo "1936"]
[BlackElo "2113"]
[PlyCount "80"]
[EventDate "1993.04.12"]
[EventType "swiss"]
[EventRounds "9"]
[EventCountry "GER"]
[SourceTitle "EXT 2015"]
[Source "ChessBase"]
[SourceDate "2014.11.20"]
[SourceVersion "1"]
[SourceVersionDate "2014.11.20"]
[SourceQuality "1"]

1. e4 e6 2. d4 d5 3. Nd2 c5 4. exd5 exd5 5. Ngf3 Nc6 6. Bb5 Bd6 7. dxc5 Bxc5 8. 0-0 Nge7 9. Nb3 Bb6 10. Re1 0-0 11. Bg5 Qd6 12. Nbd4 Bg4 13. Qd2 Ng6 14. Be2 Rfe8 15. Be3 Nxd4 16. Nxd4 Bc7 17. g3 Bxe2 18. Qxe2 a6 19. c3 Re4 20. f3 Re5 21. Qf2 h5 22. f4 Re4 23. Nf3 Rae8 24. Bd4 h4 25. Ng5 hxg3 26. hxg3 R4e7 27. Rxe7 Qxe7 28. Kf1 f6 29. Bc5 Qd7 30. Nf3 Bxf4 31. gxf4 Nxf4 32. Nd4 Qh3+ 33. Kg1 Nd3 34. Qf3 Qxf3 35. Nxf3 Nxc5 36. Rd1 Rd8 37. c4 Na4 38. cxd5 Nb6 39. d6 Kf7 40. Rd4 Ke6 0-1